000 01173nam a22003377a 4500
003 CHAP
005 20231010062648.0
008 971013s1964 r 00010 d
010 _a14359
011 _a15331
035 _a19406
040 _cCHAP
090 _aFolleto 1607
100 0 0 _aHernández de Caldas, Angela.
_953936
245 _aPublicaciones periódicas y organismos agropecuarios colombianos, 1887-1963
260 _aMedellín :
_bescuela Interamericana de Bibliotecología,
_c1964
300 _a50 h.
590 _aBATCH-UPD
_b10
_c20130109
_lUCH01
_h2330
590 _aBATCH-UPD
_b10
_c20130110
_lUCH01
_h0213
590 _aBATCH-UPD
_b10
_c20130110
_lUCH01
_h2316
590 _aBATCH-UPD
_b10
_c20130409
_lUCH01
_h1855
590 _aBATCH-UPD
_b10
_c20130410
_lUCH01
_h1607
590 _aBATCH-UPD
_b10
_c20130913
_lUCH01
_h2113
590 _aCONVERSION
_b10
_c20130109
_lUCH01
_h1309
650 1 7 _aAgricultura
_xPublicaciones periódicas
_2
_91772
650 1 4 _aAgricultura
_xSociedades
_xColombia.
_91802
650 1 4 _aPublicaciones periódicas
_xColombianas.
_992719
901 _aBK
942 _cFOLL
949 _aFolleto 1607
_bBC
_cFOLL
_d-45108
_eTS1
_i19406
_si
999 _c14359
_d14359